Ordinary /

Պահպանված է:
Մատենագիտական մանրամասներ
Հիմնական հեղինակներ: Reali, Emiliano (Հեղինակ), Arcangeli, Massimo (Հեղինակ)
Ձևաչափ: Գիրք
Լեզու:իտալերեն
Հրապարակվել է: Roma : DEd'A, 2013
Շարք:Fuori collana
Ցուցիչներ: Ավելացրեք ցուցիչ
Չկան պիտակներ, Եղեք առաջինը, ով նշում է այս գրառումը!

MARC

LEADER 00000nam a22000007i 4500
001 IT\ICCU\RT1\0047459
003 ItRI
005 20240417204052.0
008 150304s2013 it |||||| ||||| |||||c
020 |a 9788896121832 
040 |b ita  |c GP 
041 7 |a ita  |2 ISO-639-2 
100 1 |a Reali, Emiliano  |0 IT\ICCU\BVEV\126960  |4 aut 
245 1 0 |a Ordinary /  |c Emiliano Reali ; prefazione di Massimo Arcangeli. 
260 |a Roma :  |b DEd'A,  |c 2013 
300 |a 172 p ;  |c 22 cm 
700 1 |a Arcangeli, Massimo  |0 IT\ICCU\BVEV\047684  |4 aut 
830 0 |a Fuori collana  |0 IT\ICCU\VIA\0205878 
942 |2 ddc  |c BK 
952 |0 0  |1 0  |2 ddc  |4 0  |6 853_920000000000000_REA  |7 1  |9 1263  |a RM  |b RM  |d 2024-04-17  |l 0  |o 853 92 REA  |p 854  |r 2024-04-17 20:41:21  |w 2024-04-17  |y BK 
981 1 |6 z01  |a i   |b xxxe  
982 1 |6 z01  |a n 
999 |c 1164  |d 1164